000 00988nam a2200277 a 4500
001 000011433
003 OSt
005 20260321073639.0
008 091019s2005 dr 000 0 spa d
020 _z8492184574
040 _aDO-SdBNP
_bspa
_cBNPHU
082 _a320.97293
_bB742d, 2005
100 1 _a Bosch, Juan,
_d1909-2001
_976555
245 1 0 _aDiscursos políticos, 1961 - 1966 /
_cJuan Bosch ; compilación y edición Orlando Inoa.
250 _a2a ed.
260 _aSanto Domingo :
_bLetra Gráfica,
_c2005.
300 _a2 v. ;
_c23 cm.
590 _aInventariado, 2018/ YL
600 1 0 _a Bosch, Juan,
_d1909-2001
_xCrítica e interpreación
_976555
650 1 4 _aPolíticos
_zRepública Dominicana
_xEnsayos, conferencias, etc.
_927111
651 1 0 _aRepública Dominicana
_xPolítica y gobierno
_945
651 1 4 _aRepública Dominicana
_xHistoria
_y1961-1965
_9480
700 1 _aInoa, Orlando
_ecomp.
_95784
910 _aValidado. Control de calidad MFF
942 _2ddc
_cLBS1
999 _c11135
_d11135